Coping with Spain's Aging : Retirement Rules and Incentives /

This paper evaluates the macroeconomic and welfare effects of extending the averaging period used to calculate pension benefits in a pay-as-you-go system. It also examines the complementarities between reforms extending the averaging period and those increasing the retirement age under alternative t...

وصف كامل

التفاصيل البيبلوغرافية
المؤلف الرئيسي: Hoffmaister, Willy
مؤلفون آخرون: Catalan, Mario, Guajardo, Jaime
التنسيق: دورية
اللغة:English
منشور في: Washington, D.C. : International Monetary Fund, 2007.
سلاسل:IMF Working Papers; Working Paper ; No. 2007/122
الوصول للمادة أونلاين:Full text available on IMF
LEADER 02152cas a2200265 a 4500
001 AALejournalIMF009273
008 230101c9999 xx r poo 0 0eng d
020 |c 5.00 USD 
020 |z 9781451866865 
022 |a 1018-5941 
040 |a BD-DhAAL  |c BD-DhAAL 
100 1 |a Hoffmaister, Willy. 
245 1 0 |a Coping with Spain's Aging :   |b Retirement Rules and Incentives /  |c Willy Hoffmaister, Mario Catalan, Jaime Guajardo. 
264 1 |a Washington, D.C. :  |b International Monetary Fund,  |c 2007. 
300 |a 1 online resource (51 pages) 
490 1 |a IMF Working Papers 
500 |a <strong>Off-Campus Access:</strong> No User ID or Password Required 
500 |a <strong>On-Campus Access:</strong> No User ID or Password Required 
506 |a Electronic access restricted to authorized BRAC University faculty, staff and students 
520 3 |a This paper evaluates the macroeconomic and welfare effects of extending the averaging period used to calculate pension benefits in a pay-as-you-go system. It also examines the complementarities between reforms extending the averaging period and those increasing the retirement age under alternative tax policies. The analysis is based on a model in the Auerbach-Kotlikoff tradition applied to the Spanish economy. Without reforms, the simulations suggest that aging-related spending as a share of output will increase 16 percentage points by 2050, which are twice as much as in European Commission (2006) projections due to general equilibrium effects. Also, reforms extending the averaging period to the entire work life limit expenditure pressures at the peak of the demographic shock as much as increasing the retirement age in line with life expectancy (4 percentage points of GDP). These reforms and prefunding the demographic shock mitigate the adverse macroeconomic effects of aging and improve welfare. 
538 |a Mode of access: Internet 
700 1 |a Catalan, Mario. 
700 1 |a Guajardo, Jaime. 
830 0 |a IMF Working Papers; Working Paper ;  |v No. 2007/122 
856 4 0 |z Full text available on IMF  |u http://elibrary.imf.org/view/journals/001/2007/122/001.2007.issue-122-en.xml  |z IMF e-Library